01407nam a2200361 a 4500001001200000003000800012006001900020007001500039008004100054010001700095020003500112020001800147040002100165035002100186043001200207050002200219082001900241100003100260245014000291260005200431300002200483500002000505533015200525650004400677650003700721651004400758651002300802655002900825700002900854710001700883856012600900999001901026ebr10167784CaPaEBRm u cr cn|||||||||060331s2006 njua s 001 0 eng  z 2006010753 z0813539692 (pbk. : alk. paper) z9780813539690 aCaPaEBRcCaPaEBR a(OCoLC)191953092 an-us-nj14aF135b.R67 2006eb04a917.49/0442221 aRosenfeld, Lucy D.,d1939-10aHistory walks in New Jerseyh[electronic resource] :bexploring the heritage of the Garden State /cLucy D. Rosenfeld, Marina Harrison. aNew Brunswick, N.J. :bRivergate Books,cc2006. ax, 221 p. :bill. aIncludes index. aElectronic reproduction.bPalo Alto, Calif. :cebrary,d2013.nAvailable via World Wide Web.nAccess may be limited to ebrary affiliated libraries. 0aHistoric siteszNew JerseyvGuidebooks. 0aWalkingzNew JerseyvGuidebooks. 0aNew JerseyxHistory, LocalvGuidebooks. 0aNew JerseyvTours. 7aElectronic books.2local1 aHarrison, Marina,d1939-2 aebrary, Inc.40uhttp://site.ebrary.com/lib/rucke/Doc?id=10167784zAn electronic book accessible through the World Wide Web; click to view c136589d136589